02118nam a2200241Ia 4500952011400000999001700114008004100131020001500172050002100187110004500208245013700253260006700390300001800457500011300475500004400588505105200632519005601684650003201740650002501772650002701797700004001824942001201864 00102lcc4070a20b20d2018-05-16l1oKGF292 C65 2006p20 001545r2025-03-26s2018-10-16t1w2018-05-16yLB c86050d86050121028s9999 xx 000 0 und d a9707126353 aKGF292bC65 2006 aSuprema Corte de Justicia de la Nación aComentarios breves sobre la legislación patriab : periódo legislativo de 1876-1900c / Suprema Corte de Justicia de la Nación aMéxicob : Suprema Corte de Justicia de la Naciónc , 2006 a524 páginas a Edición oroginal: Tip. y Lit. "La Esuropea" de J. Aguilar Vera y Compañía, 1900 Edición facsimilar aIncluye: Estudio introductorio Facsimil aManuel Mateos Alarcón Pablo Zayas Ricardo Rodríguez Genaro García Francisco Martínez de Arredondo Jesús Villalobos Antonio de la Fuente Leonardo F. Rodríguez Alberto Lombardo Emeterio de la Garza Francisco L de la Barra Pedro Benítez y Leal Julio Ramón Llarena Pablo Gónzalez Montes Cosme A. Zafra Hilarión Romero Gil Rodrigo Gutíerrez Azcúe Emilio Velasco Ramón Obregón Rafael Herrera Joaquín A. Borges José María Valdés Agustín Verdugo José María Pavón Pascual Luna Lara Mejía Libranzas Enrique Barrión de Lon Ríos J. M. Barrión de Lon Ríos M. L. Carmona Manuel de la Torre Pablo I. Loreto Miguel M. Muñoz Moreno Fernando Vega José M. Gamboa Irenófilo José Juab Chavarría Severo I. Aguirre Isidro Rojas Sarón Pérez Nieto Pedro dle Villar Luis G. del Villar José R. Anila Manuel R. Thompsons A. Lancaster D. Casasús Gregorio Castellanos Daniel Torres Loreto Genero B. Ramírez Hermelegildo Dávila Miguel Lara Ricardo Arteaga Néstor Rubio Alpuche Emilio Rovirosa Andrede aMaterial Complementario / bDerecho / d(20 001545) 0aDERECHOxHISTORIAzMÉXICO 0aLEGISLACIÓN PATRIA 0aDERECHO MEXICANOy1900 aMateos Alarcón, Manuel, coaut.Ì cLB2lcc